000 01143nac a22003251u 4500
003 EG-ScBUE
005 20220821131210.0
008 200219r20062000enka f b 000 0 eng d
020 _a0419209700 (pbk.)
020 _a9780419209706
040 _aEG-ScBUE
_beng
_erda
_cEG-ScBUE
_dEG-ScBUE
082 0 4 _a720.47
_bHYD
_222
100 1 _aHyde, Richard,
_eauthor.
245 1 0 _aClimate responsive design :
_ba study of buildings in moderate and hot humid climates /
_cRichard Hyde.
250 _aReprinted edition.
264 1 _aLondon ;
_aNew York, NY :
_bE and FN Spon,
_c2006.
300 _a244 pages :
_billustrations ;
_c25 cm
336 _2rdacontent
_atext
_btxt
337 _2rdamedia
_aunmediated
_bn
338 _2rdacarrier
_avolume
_bnc
504 _aIncludes bibliographical references and index.
650 7 _aArchitecture and climate.
_2BUEsh
650 7 _aArchitecture, Tropical.
_2BUEsh
650 7 _aArchitecture
_zAustralia
_vCase studies.
_2BUEsh
650 7 _aArchitecture
_zSoutheast Asia
_vCase studies.
_2BUEsh
651 _2BUEsh
653 _bHHUUEENN
655 _vReading book
_934232
942 _2ddc
_cBB
999 _c4906
_d4906